Principles of community psychology : perspectives and applications
Saved in:
| Main Author: | |
|---|---|
| Other Authors: | , |
| Format: | Book |
| Language: | English |
| Published: |
New York :
Oxford University Press,
c2005
|
| Edition: | 3rd ed. |
| Subjects: | |
| Tags: |
Add Tag
No Tags, Be the first to tag this record!
|
MARC
| LEADER | 00000nam a2200000 i 4500 | ||
|---|---|---|---|
| 001 | 1/72144 | ||
| 008 | 050224s2005 eng d | ||
| 020 | |a 0-19-514417-1 | ||
| 035 | |l 10076734 | ||
| 040 | |a GR-MY-UA |b gre |e aacr | ||
| 041 | 0 | |a eng | |
| 082 | 0 | |a 362.2 |2 (21η έκδ.) | |
| 100 | 1 | |a Levine, Murray |d 1928- | |
| 245 | 1 | 0 | |a Principles of community psychology : |b perspectives and applications / |c Murray Levine, Douglas D. Perkins, David V. Perkins |
| 250 | |a 3rd ed. | ||
| 260 | |a New York : |b Oxford University Press, |c c2005 | ||
| 300 | |a xviii, 542 σ.; |c 24 εκ. | ||
| 504 | |a Περιέχει βιβλιογραφικές παραπομπές (σ. 479-519) και ευρετήρια | ||
| 650 | 0 | 0 | |a Community psychology. |
| 650 | 0 | 0 | |a Community mental health services. |
| 700 | 1 | |a Perkins, David V. | |
| 700 | 1 | |a Perkins, Douglas D. | |
| 852 | |a INST |b LESVOS |e 20050224 |h 362.22 LEV |p 005100030208 |q 005100030208 |t BK |y 0 | ||
| 901 | |a BIBL1-2005-1 | ||
| 909 | |a Λ |b 115051 | ||
| 920 | |a ΔΙΕΥΡΥΝΣΗ |b ΕΠΕΑΕΚ/ΤΚ |y ΛΕΣΒΟΣ |z 2004-10 | ||
| 970 | |a ΜΑΡΙΝΑΤΟΥ |b ΜΥΡΣΙΝΗ |z 2005/02/24 | ||